000 01149nam a2200157 4500
001 14051
005 20260326113150.0
010 _a9782847053241
090 _a14051
099 _o0
100 _a20260326d u||y0frey50 ba
200 _aLeurs coeurs se balancer
_bLIVR
323 _aindéfini
330 _aDans Leurs cœurs se balancer, il y a le bruissement de la forêt. La petite fille n’a pas de nom, le lapin n’a pas de visage et un curieux personnage court après le temps. Mais la nuit on entend les cœurs se balancer, murmurer leurs secrets, et nos trois amis en sont transformés. Solitudine met en présence un tigre et un enfant. On pourrait croire le dialogue improbable. Mais douceur et tendresse détrônent les rapports de force et tout devient possible. Leur alliance déjoue la bêtise des chasseurs. Goutte d’O, ce sont les pensées d’un enfant qui suit une goutte d’eau de pluie sur une vitre et s’émerveille de tous ces O que sa mère ne voit pas. Il apprend tout à la fois le monde et les mots. Le quotidien se mue en alphabet et la larme en poème.
610 _ajeunesse
_aenfance
_anature
700 _aGaléa
_bClaudine